Catálogo de la Biblioteca Horacio González - Universidad Nacional de General Sarmiento

El sabor de las cerezas (Registro nro. 54009)

Detalles MARC
000 -CABECERA
campo de control de longitud fija 01721ngm a22003610a 4500
001 - NÚMERO DE CONTROL
campo de control PT48686
003 - IDENTIFICADOR DEL NÚMERO DE CONTROL
campo de control AR-LpoUNG
005 - FECHA Y HORA DE LA ÚLTIMA TRANSACCIÓN
campo de control 20210202000035.0
007 - CAMPO FIJO DE DESCRIPCIÓN FÍSICA--INFORMACIÓN GENERAL
campo de control de longitud fija vd cvaizq
008 - DATOS DE LONGITUD FIJA--INFORMACIÓN GENERAL
campo de control de longitud fija 191001s2010||||ag |||||||||||||||||per d
037 ## - FUENTE DE ADQUISICIÓN
Condiciones de disponibilidad $5,70
040 ## - FUENTE DE LA CATALOGACIÓN
Centro catalogador/agencia de origen AR-LpoUNG
Lengua de catalogación spa
Centro/agencia transcriptor AR-LpoUNG
Normas de descripción aacr
041 ## - CÓDIGO DE LENGUA
Código de lengua del texto/banda sonora o título independiente per
044 ## - CÓDIGO DEL PAÍS DE LA ENTIDAD EDITORA/PRODUCTORA
Código MARC del país ag
082 0# - NÚMERO DE LA CLASIFICACIÓN DECIMAL DEWEY
Número de clasificación 302.54 46sab
100 1# - ENTRADA PRINCIPAL--NOMBRE DE PERSONA
Nombre de persona Kiarostami, Abbas
Término indicativo de función/relación dir.
245 13 - MENCIÓN DE TÍTULO
Título El sabor de las cerezas
260 ## - PUBLICACIÓN, DISTRIBUCIÓN, ETC.
Lugar de publicación, distribución, etc. Buenos Aires :
Nombre del editor, distribuidor, etc. Difusión,
Fecha de publicación, distribución, etc. 2010.
300 ## - DESCRIPCIÓN FÍSICA
Extensión DVD (95 min.) : son., col.
505 0# - NOTA DE CONTENIDO CON FORMATO
Nota de contenido con formato Hecha en 1997. Hablada en farsí (persa), subtitulada en español. Intérpretes: Homayoun Ershadi, Abdolrahman Bagheri, Afshin Khorshid Bakhtiari, Safar Ali Moradi, Mir Hossein Noori, Ahmad Ansari. Guión: Abbas Kiarostami. Fotografía: Homayun Payvar. Música: Jahangir Mirshekari, Mohammad Reza Delpak. Contiene filmografías de actores y director y selección de escenas. Obtuvo la Palma de Oro en Cannes en 1997.
520 ## - SUMARIO, ETC.
Sumario, etc. Un hombre quiere suicidarse y necesita quien le ayude en su objetivo, alguien que le dé sepultura cuando la muerte haya llegado. En el tiempo que dura esa búsqueda, van apareciendo distintos personajes que le recuerdan instintos, sentimientos, placeres, convicciones, por las que él ha vivido hasta ahora y por las que, tal vez, debería seguir adelante. Tras una trama aparentemente simple, se susurra la trascendencia de la vida humana y el misterio de la libertad.
650 #4 - PUNTO DE ACCESO ADICIONAL DE MATERIA--TÉRMINO DE MATERIA
Término de materia o nombre geográfico como elemento de entrada ASPECTOS PSICOLOGICOS
650 #4 - PUNTO DE ACCESO ADICIONAL DE MATERIA--TÉRMINO DE MATERIA
Término de materia o nombre geográfico como elemento de entrada DRAMA
650 #4 - PUNTO DE ACCESO ADICIONAL DE MATERIA--TÉRMINO DE MATERIA
Término de materia o nombre geográfico como elemento de entrada LIBERTAD
650 #4 - PUNTO DE ACCESO ADICIONAL DE MATERIA--TÉRMINO DE MATERIA
Término de materia o nombre geográfico como elemento de entrada RELACIONES HUMANAS
650 #4 - PUNTO DE ACCESO ADICIONAL DE MATERIA--TÉRMINO DE MATERIA
Término de materia o nombre geográfico como elemento de entrada SUICIDIO
653 ## - TÉRMINO DE INDIZACIÓN--NO CONTROLADO
Término no controlado CINE FRANCES
653 ## - TÉRMINO DE INDIZACIÓN--NO CONTROLADO
Término no controlado CINE IRANI
653 ## - TÉRMINO DE INDIZACIÓN--NO CONTROLADO
Término no controlado DVD
653 ## - TÉRMINO DE INDIZACIÓN--NO CONTROLADO
Término no controlado VIDEOS
905 ## - ELEMENTOS DE DATOS E LOCAL, LDE (RLIN)
a 48686
942 ## - ELEMENTOS DE PUNTO DE ACCESO ADICIONAL (KOHA)
Tipo de ítem Koha DVD
Existencias
Estado de retiro Estado de pérdida Estado dañado No para préstamo Código de colección Localización permanente Ubicación/localización actual Fecha de adquisición Total de préstamos Signatura topográfica completa Código de barras Fecha visto por última vez Precio válido a partir de Tipo de ítem Koha
        Colección Cine Biblioteca Universidad Nacional de General Sarmiento Biblioteca Universidad Nacional de General Sarmiento 02/02/2021   302.54 46sab 00055351 02/02/2021 02/02/2021 DVD